| 000 | 00662cam a2200169 4500 | ||
|---|---|---|---|
| 020 | _a0070253102 | ||
| 082 | 0 | 0 |
_a620.11 _bGUY _cL-21, P-71 |
| 100 | 1 |
_aGuy, Albert G. _940720 |
|
| 245 | 1 | 0 |
_aIntroduction to materials science _c[by] A. G. Guy. With the collaboration of M. E. Bever, L. L. Hench [and] A. Peterlin on topics involving metallurgy, ceramics, and polymers, respectively. |
| 260 |
_aNew York, _bMcGraw-Hill _c[1972] |
||
| 300 |
_axix, 604 p. _billus. _c23 cm. |
||
| 490 | 0 | _aMcGraw-Hill series in materials science and engineering | |
| 526 |
_a0 _b0 _c0 _d620_110000000000000_GUY |
||
| 650 | 0 |
_aMaterials. _91466 |
|
| 650 | 0 |
_aMCE _9379 |
|
| 942 |
_2ddc _cBK |
||
| 999 |
_c544977 _d544977 |
||